Quizzes
Events
Quiz Creation
Community
Videos
Private Events
Remove Ads
Sign In
Join for FREE
Feedback
Dark Mode
Quiz Categories
Sports
Geography
Music
Movies
Television
Just For Fun
Miscellaneous
History
Literature
Language
Science
Gaming
Entertainment
Religion
Holiday
For Kids
Quiz Lab
Recent
Popular Today
Quiz Kudos Today
Editor Picks
Curator Picks
Quizzes by...
Day
Popularity
Type
Ratings
Length
Year
Community
Subscriptions
Recent Discussions
Orange Saloon
Badges
Playlists
Quests
Create
Leaderboards
Showdown
Live 5
Trivia Bingo
Activity
Puzzle Library
Sporcle Events
Private Events
Virtual Trivia
Globe League
Become a Host
Pub Owners
SporcleCon
Opinionation
Our Games
Videos
Blog
Mobile Apps
Partnerships
Remove Ads and Go Orange
Feedback
Sports
Athletes
MLB
NBA
NHL
NFL
Soccer
Sports Teams
WWE
NCAA
Football
Premier League
Basketball
Baseball
Hockey
Golf
Tennis
Cricket
Rugby
Auto Racing
Olympics
World Cup
Sports
Athletes
MLB
NBA
NHL
NFL
Soccer
Sports Teams
WWE
NCAA
Football
Premier League
Basketball
Baseball
Hockey
Golf
Tennis
Cricket
Rugby
Auto Racing
Olympics
World Cup
Random Quiz
Search Sporcle
×
Quiz Lab
Quiz Lab
Sports
Numbers
Type in answers that appear in a list
Type in answers that appear in a list
Classic
Best Score? Go Orange.
All-Time Nascar Pole Sitters Stats
Can you name the All-Time Nascar Pole Sitters?
By
jacksonedb
15m
140 Questions
234 Plays
234 Plays
234 Plays
Comments
Comments
Give Quiz Kudos
Give Quiz Kudos
-
- Ratings
hide this ad
More Info
Replay
Link that replays current quiz
Next Quiz
Link to next quiz in quiz playlist
You Got
0%
They Got
Avg Score
53%
Avg Friend Score
Upgrade to see
Score Distribution
Jump to the score distribution portion of the page
Score
0/140
Timer
15:00
0
Plays Today
Number Of Poles
Driver
% Correct
123
Richard Petty
97.9%
18
Lee Petty
97%
8
Kyle Petty
97%
69
Jeff Gordon
96.6%
9
Dale Earnhardt, Jr.
95.3%
22
Dale Earnhardt
94.4%
25
Jimmie Johnson
92.3%
46
Junior Johnson
91.5%
59
Darrell Waltrip
90.2%
7
Kyle Busch
90.2%
12
Kurt Busch
89.7%
4
Michael Waltrip
89.7%
12
Tony Stewart
88.5%
58
Bobby Allison
88%
113
David Pearson
87.6%
18
Donnie Allison
87.6%
14
Davey Allison
87.6%
36
Rusty Wallace
87.2%
3
Kenny Wallace
87.2%
49
Mark Martin
85.5%
69
Cale Yarborough
84.6%
46
Ryan Newman
83.8%
55
Bill Elliott
82.9%
16
Dale Jarrett
82.1%
5
Kevin Harvick
82.1%
35
Ned Jarrett
81.6%
7
Carl Edwards
80.3%
27
Terry Labonte
79.1%
26
Bobby Labonte
79.1%
11
Sterling Marlin
78.6%
9
Denny Hamlin
77.4%
7
Ward Burton
77.4%
6
Jeff Burton
77.4%
4
Matt Kenseth
76.9%
19
Kasey Kahne
74.4%
29
Ricky Rudd
73.9%
6
Greg Biffle
73.9%
2
Bobby Johns
73.9%
5
Brett Bodine
73.5%
5
Todd Bodine
73.5%
37
Geoffrey Bodine
73.1%
4
John Andretti
73.1%
7
Jamie McMurray
71.8%
32
Fireball Roberts
70.5%
23
Jack Smith
70.5%
23
Ken Schrader
70.1%
5
Juan Pablo Montoya
70.1%
Number Of Poles
Driver
% Correct
10
Joe Nemechek
69.7%
8
Elliott Sadler
67.9%
17
Harry Gant
67.1%
11
Brian Vickers
67.1%
5
Bobby Hamilton
67.1%
3
Pete Hamilton
67.1%
24
Alan Kulwicki
66.7%
9
Jeremy Mayfield
66.7%
3
Casey Mears
66.7%
45
Buck Baker
66.2%
38
Buddy Baker
66.2%
22
Ernie Irvan
66.2%
5
Martin Truex, Jr.
65.4%
20
Benny Parsons
65%
2
Clint Bowyer
64.5%
9
A.J. Foyt
63.7%
4
Steve Park
61.1%
37
Tim Flock
60.7%
33
Fonty Flock
60.3%
2
Bob Flock
60.3%
10
LeeRoy Yarbrough
59%
6
Ricky Craven
58.5%
3
Parnelli Jones
58.1%
2
Johnny Benson, Jr.
57.7%
14
Tim Richmond
56.8%
39
Herb Thomas
56%
20
Neil Bonnett
56%
6
Mike Skinner
56%
7
Morgan Shepherd
54.7%
3
Jimmy Spencer
53.4%
49
Bobby Isaac
53%
4
Rick Mast
52.6%
2
Dave Blaney
52.6%
2
Jeff Green
52.6%
14
Dave Marcis
52.1%
18
Joe Weatherly
51.7%
36
Rex White
50.4%
3
David Reutimann
50.4%
3
Kenny Irwin, Jr.
48.7%
32
Fred Lorenzen
45.3%
2
Red Byron
44.4%
16
Curtis Turner
43.6%
2
Greg Sacks
43.2%
5
Ted Musgrave
42.7%
2
Boris Said
42.7%
6
Tiny Lund
41.5%
3
Scott Riggs
41.5%
Number Of Poles
Driver
% Correct
3
Johnny Allen
41%
3
Loy Allen
41%
2
Tommy Irwin
39.3%
2
David Gilliland
38.5%
4
James Hylton
36.8%
22
Marvin Panch
35.9%
3
Ron Bouchard
35%
19
Speedy Thompson
34.6%
12
Charlie Glotzbach
32.5%
14
Glen Wood
32.1%
12
Jim Paschal
29.9%
10
Cotton Owens
29.5%
2
Stacy Compton
28.6%
5
Lennie Pond
28.2%
3
Joe Ruttman
27.4%
3
Dan Gurney
26.9%
9
Darel Dieringer
23.9%
21
Dick Hutcherson
23.5%
7
Paul Goldsmith
21.8%
5
Hershel McGriff
20.9%
2
Mel Larson
20.1%
2
Marshall Teague
18.8%
7
Bob Welborn
18.4%
5
Jim Reed
16.7%
13
Dick Rathmann
15.8%
5
Billy Wade
14.1%
2
Emanuel Zervakis
13.7%
4
Frank Mundy
13.2%
5
Tom Pistone
12.8%
3
Jimmy Pardue
12.4%
5
Ralph Moody
11.5%
5
Dick Linder
10.7%
6
Eddie Pagan
10.3%
5
Bill Amick
10.3%
2
Gwyn Staley
9.8%
4
Gober Sosebee
9.4%
3
Joe Eubanks
8.5%
5
Art Watts
8.1%
2
John Sears
7.3%
3
John Kieper
6.8%
2
Bob Burdick
6.4%
2
Friday Hassler
6%
3
Banjo Matthews
4.7%
2
Billy Carden
3.4%
2
Doug Yates
2.6%
2
Ken Rush
1.7%
Quiz Playlist
Details
Report
Send in Message
Add To Playlist
More Info:
There are over 200 pole sitters, so one-time pole sitters were not included
Classic:
Type in answers that appear in a list
Quiz Source
Last Updated: Feb 16, 2017
Quiz Scoreboard
CHALLENGE
Sign Up to Join the Scoreboard
Show All
Scores
Hide
Comments
May contain spoilers
Recently Published
9x9 Crossword: Cartoon Network
by jackfrog10
Miscellaneous
3m
College Basketball Coaching Resumes
by pancakes188
Sports
9m
Billboard Blitz: Fleetwood Mac
by CooCooCachoo
Music
15s
More to Explore
Quiz From the Vault
Featured Blog Post
Where Did the Easter Bunny Come From?
hide this ad
You Might Also Like...
Tags
Auto Racing Quiz
Numbers Quiz
Driver
NASCAR
Overall
pole
Sitter
Win
Today's Top Quizzes in Sports
Browse Sports
hide this ad
Today's Top Quizzes in Numbers
Browse Numbers
Top Contributed Quizzes in Sports
1
2022 World Cup Stars
2
Les meilleurs buteurs des matchs entre le PSG et l’OM
3
FIFA Club World Cup Champions
4
Les entraîneurs de l'OM et du PSG au 21e siècle
5
Criteria MLB: Left Handed Sluggers
6
AFC Teams Reveal (Wrong Answers Minefield)
7
2023 MLB Unique Player Accomplishments
8
Players with Multiple 50 Home Run Seasons
9
5-to-1: FBS Animal Nicknames
10
5-to-1: UK Sports Teams
Explore More
Trending Topics
Disney
Crossword
Anime
Harry Potter
NBA
Kpop
Marvel
WWE
NFL
Puzzle
Pokémon
Soccer
The Office
Song
Country
hide this ad
More By:
jacksonedb
Quiz
Plays
Rating
Category
Featured
Created
Nascar Multiple-Time Road Course Winners
513
1.00
Sports
Mar 3, 2010
All-Time Nascar Pole Sitters
234
4.75
Sports
Nov 16, 2010
Go to Creator's Profile
Score Distribution
Quiz Creator Spotlight
jacksonedb
Follow
Send a Message
Quizzes Created
-
Created Quiz Play Count
-
More By This Creator
Popular Quizzes Today
1
Find the US States - No Outlines Minefield
2
Find the Countries of Europe - No Outlines Minefield
3
The Countries of the World
4
Find the US States
5
Risky Map Clicking: Biggest States A-Z
6
US States
7
Popular People in 1961
8
Movies - When Are They Set?
More Sports Quizzes
Click the NCAA Lions
Curator's Pick
Trending Quizzes
Risky Map Clicking: Least Populous States A-Z
1-10 Letter G Words
1-10 Letter F Words
Risky Map Clicking: Next State Alphabetically
Adjectives in 80s TV Shows
Recently Updated
Leaping Animals
pecheneg
Reality TV Shows (A-Z)
bhenderson79
Rickey Henderson's Hall of Fame Teammates
pecheneg
Champions League XIs: Arsenal
pecheneg
Quick Pick: Celebrities in WWE's Hall of Fame
aduchscher
A-Z Keypad Blitz II
pecheneg
Multiple Oscar Actors
pecheneg
Mystery Phrase Blitz: Oscar 'Best Actors'
pecheneg
F. Scott Fitzgerald Novels
LTH
Pick 3 Villains
ddd62291
Trending Topics
Anime
Disney
Crossword
Kpop
Harry Potter
Marvel
NBA
Soccer
Puzzle
The Office
Song
Country
Pokémon
NFL
WWE
Your Account Isn't Verified!
In order to create a playlist on Sporcle, you need to verify the email address you used during registration. Go to your
Sporcle Settings
to finish the process.
Report this User
Report this user for behavior that violates our
Community Guidelines
.
Details:
Send Report
Go to the Sporcle.com Mobile Site →
Comments